| Tag |
First Indicator |
Second Indicator |
Subfields |
| LEADER |
00000cam a2200000 4500 |
| 001 |
in00000217876 |
| 005 |
20151009082748.0 |
| 008 |
720504s1964 ilu 00010 eng d |
| 035 |
|
|
|a (OCoLC)00301521
|
| 035 |
|
|
|9 AAZ8556AM
|
| 040 |
|
|
|c CSU
|d TXA
|d UtOrBLW
|
| 049 |
|
|
|a TXAM
|c [457905]
|
| 090 |
|
|
|a HD20
|b .C59 v. 2
|
| 100 |
1 |
|
|a Churchill, Neil C.
|
| 245 |
1 |
0 |
|a Auditing, management games, and accounting education /
|c [by] Neil C. Churchill, Merton H. Miller [and] Robert M. Trueblood.
|
| 264 |
|
1 |
|a Homewood, Ill. :
|b Richard D. Irwin,
|c 1964.
|
| 300 |
|
|
|a 108 pages
|
| 336 |
|
|
|a text
|b txt
|2 rdacontent
|
| 337 |
|
|
|a unmediated
|b n
|2 rdamedia
|
| 338 |
|
|
|a volume
|b nc
|2 rdacarrier
|
| 490 |
1 |
|
|a Carnegie Institute of Technology. Contributions to management education series, 2
|
| 650 |
|
0 |
|a Auditing
|x Study and teaching.
|
| 700 |
1 |
|
|a Miller, Merton H.
|
| 700 |
1 |
|
|a Trueblood, Robert M.
|
| 830 |
|
0 |
|a Contributions to management education series ;
|v v. 2.
|
| 999 |
|
|
|a MARS
|
| 999 |
f |
f |
|s ae81ef70-8e05-3ae3-849b-ff919f1d7c86
|i d3fff18d-1cf4-3e5f-a2d0-babf4e69c953
|t 0
|
| 952 |
f |
f |
|p normal
|a Texas A&M University
|b College Station
|c Sterling C. Evans Library
|d Evans: Library Stacks
|t 0
|e HD20 .C59 v. 2
|h Library of Congress classification
|i unmediated -- volume
|m A14802607392
|
| 998 |
f |
f |
|a HD20 .C59 v. 2
|t 0
|l Evans: Library Stacks
|